000 00713nam a2200265Ia 4500
003 OSt
005 20221006141645.0
006 a|||||r|||| 00| 0
007 ta
008 221006b |||||||| |||| 00| 0 jpn d
020 _a9784043574018
_c¥533
024 _a3,724
037 _bGift, Japan Foundation
_cTextual
040 _aEASL
_cEASL
_bjpn
041 _2jpn
_ajpn
082 _a042,D, P1
100 _aKADOKAWA SHOTEN Ed.
_9645988
245 0 _aMakuranososhi
260 _aTokyo
_bKadokawa Shoten Japan
_c2001
300 _a250p.
_ccm.
490 _v JL
650 _aJL
942 _h042,D, P1
_cTEXL
_2CC
999 _c1071810
_d1071810